Status of the employability of the graduates of Bachelor of Science in Industrial Education (B.S.I.E.) Major in Girls Trades of Cavite State University-Rosario (CvSU-R) S.Y. 2002-2003 to 2007-2008 (Record no. 3933)

MARC details
000 -LEADER
fixed length control field 01199nam a22002537a 4500
003 - CONTROL NUMBER IDENTIFIER
control field OSt
005 - DATE AND TIME OF LATEST TRANSACTION
control field 20250325020021.0
008 - FIXED-LENGTH DATA ELEMENTS--GENERAL INFORMATION
fixed length control field 250307b ||||| |||| 00| 0 eng d
040 ## - CATALOGING SOURCE
Language of cataloging English.
Transcribing agency CvSU-CCAT Campus Library.
Description conventions rda.
050 ## - LIBRARY OF CONGRESS CALL NUMBER
Classification number UM HF 5381
Item number D34 2010
100 ## - MAIN ENTRY--PERSONAL NAME
Personal name Daes, Robelyn F., author.
9 (RLIN) 14798
245 ## - TITLE STATEMENT
Title Status of the employability of the graduates of Bachelor of Science in Industrial Education (B.S.I.E.) Major in Girls Trades of Cavite State University-Rosario (CvSU-R) S.Y. 2002-2003 to 2007-2008
Statement of responsibility, etc. Robelyn F. Daes and Kenneth Kyle A. Reynaldo.
260 ## - PUBLICATION, DISTRIBUTION, ETC.
Place of publication, distribution, etc. Rosario, Cavite :
Name of publisher, distributor, etc. Cavite State University-CCAT Campus,
Date of publication, distribution, etc. 2010
300 ## - PHYSICAL DESCRIPTION
Extent x, 35 leaves :
Other physical details illustrations ;
Dimensions 28 cm
500 ## - GENERAL NOTE
General note Undergraduate Thesis (BSIE Major in Girls Trade) -- Cavite State University-CCAT Campus, 2010.
504 ## - BIBLIOGRAPHY, ETC. NOTE
Bibliography, etc. note Includes bibliographical references and appendices.
546 ## - LANGUAGE NOTE
Language note In English text
650 ## - SUBJECT ADDED ENTRY--TOPICAL TERM
Source of heading or term Graduates -- Employment.
650 ## - SUBJECT ADDED ENTRY--TOPICAL TERM
Source of heading or term BSIE -- Employability.
700 ## - ADDED ENTRY--PERSONAL NAME
Personal name Reynaldo, Kenneth Kyle A., author.
9 (RLIN) 14799
700 ## - ADDED ENTRY--PERSONAL NAME
Personal name Lisondra, Remedios G., adviser.
9 (RLIN) 9972
942 ## - ADDED ENTRY ELEMENTS (KOHA)
Koha item type Thesis/Manuscripts/Dissertations
Classification part HF 5381 D34 2010
Call number prefix UM
Source of classification or shelving scheme Library of Congress Classification
Holdings
Withdrawn status Lost status Source of classification or shelving scheme Damaged status Not for loan Collection code Home library Current library Shelving location Date acquired Coded location qualifier Full call number Barcode Date last seen Copy number Price effective from Koha item type
    Library of Congress Classification     Thesis/Manuscript/Dissertation Cavite State University - CCAT Campus Cavite State University - CCAT Campus TH 04/04/2010 UM UM HF 5381 D34 2010 T0000514 10/24/2025 1 03/07/2025 Thesis/Manuscripts/Dissertations